Leyendas y consejas del antiguo Yucatán /

Sábháilte in:
Sonraí bibleagrafaíochta
Príomhchruthaitheoir: Abreu Gómez, Ermilo (autor)
Formáid: LEABHAR
Teanga:Spáinnis
Foilsithe / Cruthaithe: México : Fondo de Cultura Económica : Comisión Nacional de Recursos para la Atención de la Juventud, 1985, c1985
Clibeanna: Cuir clib leis
Níl clibeanna ann, Bí ar an gcéad duine le clib a chur leis an taifead seo!

MARC

LEADER 00000nam^a2200000^a^4500
001 000433071
005 20250526000000.0
009 20260310123031.107
020 |a 968-16-1975-7 
037 |a Acervo ITESO - Biblioteca 
041 |a ESP 
091 |a FHM. 06337 
100 |a Abreu Gómez, Ermilo  |e (autor) 
245 1 0 |a Leyendas y consejas del antiguo Yucatán / 
264 4 |a México :  |b Fondo de Cultura Económica :  |b Comisión Nacional de Recursos para la Atención de la Juventud,  |c 1985, c1985 
300 |a 271 p. ;  |c 21.0 cm. 
336 |a texto  |b txt  |2 rdacontenido 
337 |a sin mediación  |b n  |2 rdamedio 
338 |a volumen  |b nc  |2 rdasoporte 
649 |a XX 
910 |a Fondo Hugo B. Margáin 
920 |a Impresos - Libros 
930 |a Libros Antiguos y Raros 
940 |a Literatura 
905 |a 126 
901 |a 0500317183  |b IT2  |c LRA  |i D106132  |u 20250526 
902 |a https://opac.biblio.iteso.mx/vufind/Record/000433071